BRITISH NATIONAL BIBLIOGRAPHY (Record no. 60905)

MARC details
000 -CABECERA
campo de control de longitud fija 00426nam a2200169 a 4500
003 - IDENTIFICADOR DEL NÚMERO DE CONTROL
campo de control DLC
005 - FECHA Y HORA DE LA ÚLTIMA TRANSACCIÓN
campo de control 20210219152805.0
008 - ELEMENTOS DE LONGITUD FIJA--INFORMACIÓN GENERAL
campo de control de longitud fija 991125n gin 000 0 spa u
035 ## - NÚMERO DE CONTROL DEL SISTEMA
Número de control de sistema UPN01000061321
245 00 - MENCIÓN DE TÍTULO
Título BRITISH NATIONAL BIBLIOGRAPHY
260 ## - PUBLICACIÓN, DISTRIBUCIÓN, ETC.
Lugar de publicación, distribución, etc. Inglaterra
260 ## - PUBLICACIÓN, DISTRIBUCIÓN, ETC.
Lugar de publicación, distribución, etc. British Library National Bibliographic Service
310 ## - FRECUENCIA ACTUAL DE LA PUBLICACION
Periodicidad actual Semanal
904 ## - ELEMENTOS DE DATOS D LOCAL, LDD (RLIN)
a AC
b 002053
905 ## - TIPO DE MATERIAL
Tipo de material Revista
Holdings
Estado de retiro Estado de pérdida Fuente del sistema de clasificación o colocación Estado dañado No para préstamo Código de colección Localización permanente Ubicación/localización actual Ubicación en estantería Enumeración/cronología de publicación seriada Total de préstamos Código de barras Fecha visto por última vez Número de copia Tipo de ítem Koha
    Library of Congress Classification   Disponible (Préstamo en sala) Revistas Bib. Gregorio Torres Quintero Bib. Gregorio Torres Quintero Hemeroteca Sótano No. 2217 (1992 dec.)   6132110 31/12/2020 1 Revista Impresa